[Event "Gibraltar Masters 2014"]
[Site "Caleta ENG"]
[Date "2014.01.28"]
[Round "1.38"]
[White "Lenderman, Aleksandr"]
[Black "Valenti, Giuseppe"]
[Result "1-0"]
[WhiteTitle "GM"]
[BlackTitle "FM"]
[WhiteElo "2561"]
[BlackElo "2172"]
[WhiteFideId "2021285"]
[BlackFideId "801119"]
[EventDate "2014.01.28"]

1. d4 Nf6 2. c4 e6 3. Nc3 Bb4 4. e3 c5 5. Ne2 b6 6. a3 Ba5 7. Rb1 Na6 8. g3 Bb7
9. d5 O-O 10. Bg2 d6 11. O-O Bxc3 12. Nxc3 Qe7 13. e4 exd5 14. exd5 Nc7 15. Re1
Qd8 16. b4 Ba6 17. Qd3 h6 18. h3 Qd7 19. b5 Bb7 20. Bb2 Rfe8 21. Ne2 Qd8 22. g4
Bc8 23. Ng3 Bd7 24. f4 Rxe1+ 25. Rxe1 Nce8 26. Qc3 Kf8 27. g5 hxg5 28. fxg5 Nh7
29. h4 1-0

[Event "Gibraltar Masters 2014"]
[Site "Caleta ENG"]
[Date "2014.01.28"]
[Round "1.58"]
[White "Gallagher, Joseph G."]
[Black "Compton, Alistair"]
[Result "1-0"]
[WhiteTitle "GM"]
[WhiteElo "2495"]
[BlackElo "2104"]
[WhiteFideId "1303422"]
[BlackFideId "4300645"]
[EventDate "2014.01.28"]

1. e4 e6 2. d4 d5 3. Nc3 Nf6 4. Bg5 Bb4 5. e5 h6 6. Bc1 Ne4 7. Qg4 g6 8. Ne2 c5
9. a3 Ba5 10. dxc5 Bxc3+ 11. Nxc3 Nxc3 12. bxc3 Qc7 13. Qg3 Qxc5 14. a4 d4 15.
cxd4 Qxd4 16. Rb1 Bd7 17. Bd3 Bc6 18. O-O Nd7 19. Bb5 Bxb5 20. Rxb5 Qxa4 21.
Rxb7 Qc6 22. Rb3 Rc8 23. Ba3 Qd5 24. Rd3 Qe4 25. Rfd1 Nb6 26. Rd4 Qxc2 27. Qf4
Qf5 28. Qc1 Qg5 29. Qxc8+ Nxc8 30. h4 1-0